| 000 | 00522nam a2200169 4500 | ||
|---|---|---|---|
| 001 | 143119 | ||
| 003 | ES-MaACL | ||
| 005 | 20230906200729.0 | ||
| 007 | t| | ||
| 008 | 070214s1970 sp r ||||1| spa d | ||
| 100 | 1 |
_aSelvaggi, Filippo. _9105359 |
|
| 245 | 1 | 3 |
_aLa estructura de la materia / _cFilippo Selvaggi ; versión... Alejandro Esteban Lator Ros. |
| 260 |
_aBarcelona : _bHerder, _c1970. |
||
| 300 |
_a277 p. ; _c20 cm. |
||
| 700 | 1 |
_aLator Ros, Alejandro Esteban. _970527 |
|
| 852 |
_aES-MaACL _jC-39880 _bR.74954 |
||
| 999 |
_c143119 _d143119 |
||